| 000 | 00968nam0a22002651 4500 | ||
|---|---|---|---|
| 001 | rc\416982 | ||
| 005 | 20030616170251.9 | ||
| 035 | _a(NLR Aleph) 005664669 | ||
| 090 |
_a6909917 _c6909917 |
||
| 100 | _a20030616d1987 u |0rusy50 ca | ||
| 101 | 0 | _arus | |
| 102 | _aRU | ||
| 105 | _aa ||||||||| | ||
| 200 | 1 |
_aСпектральная прозрачность и аэрозольное ослабление над территорией СССР _fАН СССР. Том. фил. Сиб. отд-ния, Ин-т оптики атмосферы |
|
| 210 |
_aТомск _cТФ СО АН СССР _d1987 (вып. дан 1988) |
||
| 215 |
_a180 с. _cил. _d20х30 |
||
| 320 | _aБиблиогр.: с. 66-71 | ||
| 333 | _aДСП. Экз. № 000005 | ||
| 700 | 1 |
_aБелан _bБ. Д. _gБорис Денисович |
|
| 701 | 1 |
_aЗадде _bГ. О. |
|
| 801 | 0 |
_aRU _bNLR _gpsbo |
|
| 801 | 1 |
_aRU _bELAR _2rusmarc |
|
| 852 |
_aNLR _j89-50К/7632 |
||
| 942 | _cBOOK | ||
| 980 | _aNB | ||